00670nam a2200205 i 450000100060000000300090000600500170001500700030003200800410003510000210007624500980009726000450019530000220024049000380026250400340030065000420033470000290037683000380040585200210044394621ES-MaACL20250822031119.0t|050510s1977 sp |||| | spa d1 aLovell, Kenneth.10aPsicología aplicada a la educación del niño / cK. Lovell ; versión...Fausto Ezcurra. aBilbao : bDesclée de Brouwer, c1977. a477 p. ; c20 cm.1 aColección Magister-guía ; v6 aReferencias bibliográficas.07aPsicología de la educación2embne1 aEzcurra Rolín, Fausto.0 aColección Magister-guía ; v6 aES-MaACLjA-7439